| 000 | 01574cgm a22003737a 4500 | ||
|---|---|---|---|
| 005 | 20140311120418.0 | ||
| 007 | vd cgaizm | ||
| 008 | 140311t2013 xxu121 e |||| 0| vceng d | ||
| 020 | _a5039036059657 | ||
| 082 | 0 | 4 |
_222 _a791.4372 _bLIF |
| 245 | 0 | 0 |
_aLife of Pi _h[videorecording] / _cFox 2000 Pictures ; a Haishang Films / Gil Netter production ; an Ang Lee film ; executive producer, Dean Georgaris ; produced by Gil Netter, Ang Lee, David Womark ; screenplay by David Magee ; directed by Ang Lee. |
| 260 |
_a[Los Angeles, United States] : _bTwentieth Century Fox Home Entertainment LLC., _cc.2013. |
||
| 300 |
_a1 videodisc (121 min.) : _bsd., col. ; _c4 3/4 in. |
||
| 508 | _aDirector of photography Claudio Miranda ; film editor Tim Squyres ; music by Mychael Danna. | ||
| 511 | _aSuraj Sharma, Irrfan Khan, Tabu. | ||
| 521 | _aFit for viewing generally but, a child under 12 years under parental guidance. | ||
| 650 | 0 |
_aHuman-animal relationships _vDrama _935514 |
|
| 650 | 0 |
_aOcean travel _vDrama _935515 |
|
| 653 |
_bGGEN _cMarch2014 |
||
| 700 | 0 |
_aTabu, _d1971- _935516 |
|
| 700 | 1 |
_aKhan, Irrfan, _935517 |
|
| 700 | 1 |
_aSharma, Suraj, _935518 |
|
| 700 | 1 |
_aDanna, Mychael, _935530 |
|
| 700 | 1 |
_aSquyres, Tim, _935521 |
|
| 700 | 1 |
_aMiranda, Claudio, _935522 |
|
| 700 | 1 |
_aLee, Ang, _935523 |
|
| 700 | 1 |
_aMagee, David, _935524 |
|
| 700 | 1 |
_aWomark, David _935525 |
|
| 700 | 1 |
_aNetter, Gil _935526 |
|
| 700 | 1 |
_aGeorgaris, Dean _935527 |
|
| 710 | 2 |
_aFox 2000 Pictures _935528 |
|
| 710 | 2 |
_aHaishang Films (Firm) _935529 |
|
| 942 |
_2ddc _cDVD _k791.4372 LIF |
||
| 999 |
_c18101 _d18073 |
||